| 000 | 00439nam a2200145Ia 4500 | ||
|---|---|---|---|
| 008 | 190925s9999 xx 000 0 und d | ||
| 020 | _a9.7817421668e+012 | ||
| 100 | _aStone, Raymond j | ||
| 245 |
_cRaymond J. Stone .-- _aHuman resource management / |
||
| 250 | _a7th ed. | ||
| 260 |
_aMilton, Qld. : _bJohn Wiley _c2011 |
||
| 300 |
_a847 pages _bcolored illustrations |
||
| 500 | _aIncludes index. | ||
| 650 | _a Personnel management. | ||
| 999 |
_c362206 _d362206 |
||